[Event "Eger Agria op 41th"]
[Site "Eger"]
[Date "2017.07.23"]
[Round "9"]
[White "Schmidt, Gabor"]
[Black "Pasti, Aron"]
[Result "0-1"]
[WhiteElo "1724"]
[BlackElo "1862"]
[PlyCount "27"]
[EventDate "2017.07.17"]
[EventType "swiss"]
[EventRounds "9"]
[EventCountry "HUN"]
[SourceTitle "EXT 2020"]
[Source "ChessBase"]
[SourceDate "2019.10.17"]
[SourceVersion "1"]
[SourceVersionDate "2019.10.17"]
[SourceQuality "1"]

1. d4 d5 2. c4 e6 3. Bf4 Nf6 4. e3 Be7 5. Nc3 0-0 6. Nf3 a6 7. c5 b6 8. b4 a5 9. a3 bxc5 10. bxc5 Ba6 11. Bxa6 Nxa6 12. Ne5 Nd7 13. Nc6 Qe8 14. 0-0 0-1

[Event "Nyiregyhaza op"]
[Site "Nyiregyhaza"]
[Date "2008.07.27"]
[Round "7"]
[White "Andrassy, Laszlo"]
[Black "Schmidt, Gabor"]
[Result "0-1"]
[WhiteElo "1749"]
[BlackElo "1936"]
[PlyCount "66"]
[EventDate "2008.07.23"]
[EventType "swiss"]
[EventRounds "7"]
[EventCountry "HUN"]
[SourceTitle "EXT 2009"]
[Source "ChessBase"]
[SourceDate "2008.11.26"]
[SourceVersion "1"]
[SourceVersionDate "2008.11.26"]
[SourceQuality "1"]

1. d4 e6 2. Nf3 c5 3. e3 d5 4. c4 a6 5. cxd5 cxd4 6. Nxd4 Qxd5 7. Bd2 Nf6 8. Nc3 Qd8 9. Qc2 e5 10. Nf3 Nc6 11. a3 Be7 12. Bc4 0-0 13. 0-0 h6 14. e4 Bg4 15. Nh4 Nd4 16. Qb1 b5 17. Bd3 Nb3 18. Qc2 Nxa1 19. Rxa1 Rc8 20. b4 Qd4 21. h3 Be6 22. Nf3 Qd6 23. Rd1 Rfd8 24. Be3 Qc7 25. Bd2 Nd7 26. Be1 Nb6 27. Rc1 Qb8 28. Bd2 f6 29. Ne1 Na4 30. Qb1 Nb6 31. Qc2 Rd6 32. Be3 Rdc6 33. Bxb6 Rxc3 0-1

[Event "HUN-ch Seniors"]
[Site "Ajka"]
[Date "2008.06.24"]
[Round "2"]
[White "Schmidt, Gabor"]
[Black "Tamas, Jeno"]
[Result "1-0"]
[WhiteElo "1938"]
[BlackElo "1806"]
[PlyCount "71"]
[EventDate "2008.06.23"]
[EventType "swiss"]
[EventRounds "9"]
[EventCountry "HUN"]
[SourceTitle "EXT 2011"]
[Source "ChessBase"]
[SourceDate "2010.11.26"]
[SourceVersion "1"]
[SourceVersionDate "2010.11.26"]
[SourceQuality "1"]

1. d4 b6 2. c4 Bb7 3. Nc3 h6 4. e4 e6 5. a3 Nf6 6. e5 Ne4 7. Nxe4 Bxe4 8. Qg4 Bg6 9. g3 Nc6 10. Bg2 Rb8 11. h4 Bf5 12. Qd1 Na5 13. b3 c5 14. Ne2 cxd4 15. Nxd4 Bc5 16. Nxf5 exf5 17. b4 Bxf2+ 18. Kxf2 Nxc4 19. Re1 b5 20. Be3 Nxe3 21. Rxe3 f4 22. Re4 fxg3+ 23. Kxg3 Rb6 24. Rc1 0-0 25. Bh3 Rg6+ 26. Rg4 Qb6 27. Rc5 h5 28. Rg5 Rxg5+ 29. hxg5 Qg6 30. Qd2 Qa6 31. Rc3 g6 32. Qxd7 Qb6 33. Rc5 Rd8 34. Qxd8+ Qxd8 35. Rc8 Qxc8 36. Bxc8 1-0

[Event "Eger Agria op"]
[Site "Eger"]
[Date "2005.07.27"]
[Round "4"]
[White "Schmidt, Gabor"]
[Black "Koszegi, Lajos"]
[Result "0-1"]
[WhiteElo "2016"]
[BlackElo "2099"]
[PlyCount "107"]
[EventDate "2005.07.18"]
[EventType "swiss"]
[EventRounds "9"]
[EventCountry "HUN"]
[SourceTitle "EXT 2008"]
[Source "ChessBase"]
[SourceDate "2007.11.25"]
[SourceVersion "1"]
[SourceVersionDate "2007.11.25"]
[SourceQuality "1"]

1. d4 g6 2. c4 Bg7 3. e4 d6 4. Nc3 Nc6 5. Be3 e5 6. Nge2 exd4 7. Nxd4 Nf6 8. Qd2 0-0 9. f3 Re8 10. Bg5 Nxd4 11. Qxd4 Nxe4 12. Qxg7+ Kxg7 13. Bxd8 Nxc3+ 14. Kd2 Ne4+ 15. fxe4 Rxd8 16. Be2 Be6 17. Kc3 c6 18. Rhd1 d5 19. exd5 cxd5 20. c5 Rdc8 21. Kd4 b6 22. b4 bxc5+ 23. bxc5 Rab8 24. Rab1 Kf6 25. Ba6 Bf5 26. Rb7 Ra8 27. Rf1 Re8 28. c6 Rac8 29. Bb5 Re4+ 30. Kc5 d4 31. c7 Ke7 32. Rc1 Rg4 33. g3 d3 34. Rd1 Rg5 35. Kd4 Kd6 36. Rxa7 Bg4 37. Ra6+ Kxc7 38. Rc6+ Kb7 39. Rxc8 Bxd1 40. Rc1 Rxb5 41. Rxd1 Rb2 42. a3 d2 43. Kc3 Rb6 44. Rxd2 Kc7 45. Rd4 f5 46. a4 g5 47. Rd5 Rf6 48. Re5 h6 49. Kd3 f4 50. gxf4 Rxf4 51. Rc5+ Kd6 52. Rc4 Rf3+ 53. Ke4 Rh3 54. Rd4+ 0-1

[Event "Eger Agria op"]
[Site "Eger"]
[Date "2004.07.25"]
[Round "9"]
[White "Schmidt, Gabor"]
[Black "Nohl, Hansjoerg"]
[Result "0-1"]
[WhiteElo "1994"]
[BlackElo "2133"]
[PlyCount "140"]
[EventDate "2004.07.17"]
[EventType "swiss"]
[EventRounds "9"]
[EventCountry "HUN"]
[SourceTitle "EXT 2008"]
[Source "ChessBase"]
[SourceDate "2007.11.25"]
[SourceVersion "1"]
[SourceVersionDate "2007.11.25"]
[SourceQuality "1"]

1. d4 d5 2. c4 e6 3. Nc3 Nf6 4. Bg5 Be7 5. e3 0-0 6. Nf3 h6 7. Bh4 b6 8. Bd3 Bb7 9. 0-0 c5 10. Qe2 Nbd7 11. Rfd1 cxd4 12. exd4 Rc8 13. Rac1 dxc4 14. Bxc4 Bxf3 15. gxf3 Nd5 16. Bg3 Bg5 17. Rc2 Nf4 18. Qf1 Nh3+ 19. Kg2 Nf4+ 20. Kh1 Qf6 21. Ba6 Rxc3 22. Rxc3 Nd5 23. Ra3 Nb4 24. Bd6 Nxa6 25. Bxf8 Nxf8 26. Qxa6 Ng6 27. Qxa7 Bf4 28. Kg1 Qg5+ 29. Kf1 Bxh2 30. Qa8+ Kh7 31. Qe4 f5 32. Qc6 Nf4 33. Ke1 Qg1+ 34. Kd2 Qxf2+ 35. Kc1 Ne2+ 36. Kb1 Nxd4 37. Qc3 Nb5 38. Qe3 Nxa3+ 39. Qxa3 Be5 40. Qb3 h5 41. a4 h4 42. Rc1 h3 43. f4 Bxf4 44. Qxh3+ Bh6 45. Rc6 Qd4 46. Rxe6 Qd1+ 47. Ka2 Qxa4+ 48. Qa3 Qc4+ 49. Qb3 Qa6+ 50. Qa3 Qc4+ 51. Qb3 Qa6+ 52. Kb1 Qf1+ 53. Kc2 Qc1+ 54. Kd3 Qd2+ 55. Kc4 Qc1+ 56. Kb5 Qc5+ 57. Ka6 Qa5+ 58. Kb7 Qc5 59. Qxb6 Qd5+ 60. Qc6 Qb3+ 61. Qb6 Qd3 62. Kc8 f4 63. Qc6 Qb3 64. Qe4+ Kg8 65. Qg6 Qc4+ 66. Kd7 Qd5+ 67. Kc7 Qc5+ 68. Kb7 Qd5+ 69. Kc8 Qc5+ 70. Kd7 Qd5+ 0-1

[Event "HUN-chT2 Erkel 0304"]
[Site "Hungary"]
[Date "2003.10.05"]
[Round "2"]
[White "Schmidt, Gabor"]
[Black "Gal, Peter"]
[Result "0-1"]
[WhiteElo "2017"]
[BlackElo "2072"]
[PlyCount "106"]
[EventDate "2003.09.28"]
[EventType "team"]
[EventRounds "11"]
[EventCountry "HUN"]
[SourceTitle "EXT 2009"]
[Source "ChessBase"]
[SourceDate "2008.11.26"]
[SourceVersion "1"]
[SourceVersionDate "2008.11.26"]
[SourceQuality "1"]
[WhiteTeam "Hatvan"]
[BlackTeam "Fuzesabony"]
[WhiteTeamCountry "HUN"]
[BlackTeamCountry "HUN"]

1. d4 g6 2. c4 Bg7 3. Nc3 b6 4. e4 Bb7 5. Be3 d6 6. Nge2 Nd7 7. Ng3 c5 8. d5 Ba6 9. Qd2 Ne5 10. b3 Ng4 11. Bf4 Bd4 12. Be3 Nxe3 13. fxe3 Bg7 14. Rd1 Nh6 15. Be2 Bc8 16. 0-0 Bg4 17. Kh1 Qd7 18. h3 Bxh3 19. Bf3 Bg4 20. Nce2 Bxf3 21. Rxf3 Ng4 22. Rdf1 Ne5 23. R3f2 h5 24. Ng1 f6 25. Nh3 h4 26. Ne2 g5 27. Rf5 0-0-0 28. Kg1 Rdg8 29. Kf2 Ng4+ 30. Ke1 Nh6 31. R5f2 Qg4 32. Qc2 Nf7 33. a4 Ne5 34. Neg1 Qg3 35. Ne2 Qh2 36. Neg1 Ng4 37. Rf3 Qe5 38. Ke2 Nh2 39. Rf5 Qg3 40. R1f2 Bh6 41. Kd3 Ng4 42. Re2 Ne5+ 43. Kd2 g4 44. Nf4 Bxf4 45. exf4 Nd7 46. e5 h3 47. Re3 Qxe3+ 48. Kxe3 h2 49. Ne2 h1Q 50. exd6 exd6 51. a5 Qxg2 52. axb6 axb6 53. Qa2 Re8+ 0-1

[Event "Eger Agria op"]
[Site "Eger"]
[Date "2003.07.20"]
[Round "9"]
[White "Schmidt, Gabor"]
[Black "Horvath, Sandor"]
[Result "1/2-1/2"]
[WhiteElo "2017"]
[BlackElo "2096"]
[PlyCount "102"]
[EventDate "2003.07.13"]
[EventType "swiss"]
[EventRounds "9"]
[EventCountry "HUN"]
[SourceTitle "EXT 2005"]
[Source "ChessBase"]
[SourceDate "2004.11.15"]
[SourceVersion "1"]
[SourceVersionDate "2004.11.15"]
[SourceQuality "1"]

1. d4 Nf6 2. c4 g6 3. Nc3 d5 4. cxd5 Nxd5 5. Bd2 Bg7 6. e4 Nb6 7. Be3 Nc6 8. Nf3 e5 9. Bb5 Bd7 10. dxe5 Nxe5 11. Nxe5 Bxe5 12. Bd4 Bxd4 13. Qxd4 0-0 14. Bxd7 Qxd7 15. Rd1 Qxd4 16. Rxd4 Rad8 17. Rxd8 Rxd8 18. b3 c6 19. Ke2 f6 20. h4 h5 21. f4 Kf7 22. Ke3 Ke6 23. a4 a5 24. Ne2 c5 25. Rc1 Rc8 26. f5+ gxf5 27. Nf4+ Ke5 28. Ng6+ Kd6 29. Rd1+ Kc7 30. Ne7 Rd8 31. Rxd8 Kxd8 32. Nxf5 c4 33. bxc4 Nxc4+ 34. Kd4 Nb2 35. Nd6 b6 36. e5 fxe5+ 37. Kxe5 Nxa4 38. Nc4 Kc7 39. g4 b5 40. Nxa5 hxg4 41. Kf4 g3 42. Kxg3 Kd7 43. Kg4 Ke8 44. Kf5 Kf8 45. Kg6 Nb6 46. h5 Nc4 47. Nc6 Kg8 48. h6 Nd6 49. Nb4 Nf7 50. h7+ Kh8 51. Nc6 Ng5 1/2-1/2

[Event "Eger Agria op"]
[Site "Eger"]
[Date "2003.07.14"]
[Round "2"]
[White "Horvath, Lajos Ludovic"]
[Black "Schmidt, Gabor"]
[Result "1-0"]
[WhiteElo "2144"]
[BlackElo "2017"]
[PlyCount "71"]
[EventDate "2003.07.13"]
[EventType "swiss"]
[EventRounds "9"]
[EventCountry "HUN"]
[SourceTitle "EXT 2005"]
[Source "ChessBase"]
[SourceDate "2004.11.15"]
[SourceVersion "1"]
[SourceVersionDate "2004.11.15"]
[SourceQuality "1"]

1. e4 g6 2. d4 Bg7 3. Nc3 c6 4. f4 d5 5. e5 h5 6. Nf3 Bg4 7. h3 Bxf3 8. Qxf3 e6 9. Bd3 Qb6 10. Qf2 Nd7 11. Bd2 Ne7 12. 0-0-0 Nf5 13. Bxf5 exf5 14. g4 fxg4 15. hxg4 0-0-0 16. gxh5 gxh5 17. Be3 Rdg8 18. f5 Nxe5 19. dxe5 Bh6 20. Rde1 Bxe3+ 21. Rxe3 d4 22. Na4 Qb4 23. Ra3 b5 24. c3 Qe7 25. cxd4 bxa4 26. Rxa4 Rg4 27. Qf3 Qg5+ 28. Kb1 Rg1+ 29. Rxg1 Qxg1+ 30. Kc2 Qh2+ 31. Kc3 Kb7 32. Rb4+ Kc7 33. Rc4 Rh6 34. f6 Kd8 35. Rxc6 Rg6 36. Qd5+ 1-0

[Event "HUN-chT2 Erkel 0203"]
[Site "Hungary"]
[Date "2003.03.02"]
[Round "8"]
[White "Schmidt, Gabor"]
[Black "Vass, Istvan"]
[Result "1-0"]
[WhiteElo "2045"]
[BlackElo "2136"]
[PlyCount "61"]
[EventDate "2002.09.22"]
[EventType "team"]
[EventRounds "11"]
[EventCountry "HUN"]
[SourceTitle "EXT 2009"]
[Source "ChessBase"]
[SourceDate "2008.11.26"]
[SourceVersion "1"]
[SourceVersionDate "2008.11.26"]
[SourceQuality "1"]

1. d4 Nf6 2. c4 d6 3. Nc3 g6 4. e4 Bg7 5. Be2 0-0 6. f4 c5 7. d5 a6 8. Nf3 e6 9. e5 dxe5 10. fxe5 Ng4 11. Bf4 Nd7 12. 0-0 Ndxe5 13. Nxe5 Nxe5 14. Qd2 exd5 15. cxd5 Ng4 16. h3 Bd4+ 17. Kh1 Ne5 18. Bh6 Qh4 19. Bg5 Bxc3 20. bxc3 Qa4 21. Bf6 Nd7 22. Be7 Re8 23. d6 Ne5 24. Qh6 Rxe7 25. dxe7 Be6 26. Rad1 Nc6 27. Qg5 Re8 28. Rf4 Qxa2 29. Rd8 Nxd8 30. exd8Q Rxd8 31. Qxd8+ 1-0

[Event "HUN-chT2 Erkel 0203"]
[Site "Hungary"]
[Date "2003.02.16"]
[Round "7"]
[White "Schmidt, Gabor"]
[Black "Kulcsar, Miklos"]
[Result "0-1"]
[WhiteElo "2045"]
[BlackElo "2097"]
[PlyCount "100"]
[EventDate "2002.09.22"]
[EventType "team"]
[EventRounds "11"]
[EventCountry "HUN"]
[SourceTitle "EXT 2009"]
[Source "ChessBase"]
[SourceDate "2008.11.26"]
[SourceVersion "1"]
[SourceVersionDate "2008.11.26"]
[SourceQuality "1"]

1. d4 Nf6 2. c4 c5 3. d5 b5 4. cxb5 a6 5. Nc3 d6 6. e4 g6 7. Qb3 axb5 8. Bxb5+ Bd7 9. f3 Bg7 10. Nge2 0-0 11. 0-0 Na6 12. a3 Rb8 13. Qc4 Nc7 14. a4 Nxb5 15. Nxb5 Bxb5 16. axb5 Qb6 17. Nc3 Ne8 18. Ra6 Qb7 19. b6 Ra8 20. Rxa8 Qxa8 21. Qa4 Bd4+ 22. Kh1 Qxa4 23. Nxa4 Nf6 24. Bg5 Ra8 25. b3 Kf8 26. Rc1 Nd7 27. g3 Ra6 28. Bd2 Nxb6 29. Nc3 Ra3 30. Rb1 f6 31. Nb5 Ra2 32. Bh6+ Kf7 33. Nxd4 cxd4 34. h4 Rf2 35. f4 Re2 36. Kg1 Rxe4 37. Rc1 Nxd5 38. Rc8 d3 39. h5 d2 40. Rf8+ Ke6 41. f5+ Kxf5 42. Bxd2 Re2 43. hxg6 hxg6 44. Ba5 Rb2 45. Rb8 Kg4 46. Rb5 Ne3 47. Be1 Kf3 48. Rb4 Rb1 49. Rf4+ Ke2 50. Rf2+ Kxe1 0-1

[Event "Gyongyos Matra op 25th"]
[Site "Gyongyos"]
[Date "2002.07.31"]
[Round "8.16"]
[White "Lengyel, Andras"]
[Black "Schmidt, Gabor"]
[Result "1-0"]
[WhiteElo "2149"]
[BlackElo "2045"]
[PlyCount "88"]
[EventDate "2002.08.04"]
[EventType "swiss"]
[EventRounds "9"]
[EventCountry "HUN"]
[SourceTitle "EXT 2004"]
[Source "ChessBase"]
[SourceDate "2003.11.25"]
[SourceVersion "1"]
[SourceVersionDate "2003.11.25"]
[SourceQuality "1"]

1. e4 c6 2. d4 d5 3. Nc3 dxe4 4. Nxe4 Bf5 5. Ng3 Bg6 6. Nf3 Nd7 7. h4 h6 8. h5 Bh7 9. Bd3 Bxd3 10. Qxd3 e6 11. Bf4 Ngf6 12. Ne4 Nxe4 13. Qxe4 Be7 14. 0-0-0 Qa5 15. Kb1 0-0-0 16. c4 Bf6 17. Rd3 Qf5 18. Qxf5 exf5 19. Ra3 a6 20. d5 c5 21. Re3 Rhe8 22. Rhe1 Rxe3 23. Rxe3 b5 24. b3 bxc4 25. bxc4 Nb6 26. Nd2 Rd7 27. Kc2 Re7 28. Bd6 Rxe3 29. fxe3 Nd7 30. Nb3 g6 31. Nxc5 Nb6 32. Kd3 a5 33. Bf8 Bg5 34. Bg7 gxh5 35. Bc3 Be7 36. Nb3 a4 37. Nd4 Nd7 38. Nxf5 Bf8 39. Bd4 f6 40. Ng3 Kd8 41. Nxh5 Ke7 42. c5 Kf7 43. c6 Ne5+ 44. Bxe5 fxe5 1-0

[Event "Gyongyos Matra op 25th"]
[Site "Gyongyos"]
[Date "2002.07.31"]
[Round "8.32"]
[White "Schmidt, Gabor"]
[Black "Hatos, Krisztian"]
[Result "0-1"]
[WhiteElo "2045"]
[BlackElo "2080"]
[PlyCount "100"]
[EventDate "2002.08.04"]
[EventType "swiss"]
[EventRounds "9"]
[EventCountry "HUN"]
[SourceTitle "EXT 2004"]
[Source "ChessBase"]
[SourceDate "2003.11.25"]
[SourceVersion "1"]
[SourceVersionDate "2003.11.25"]
[SourceQuality "1"]

1. d4 d5 2. c4 c6 3. cxd5 cxd5 4. Bf4 Bf5 5. Nc3 Nf6 6. Qb3 Qd7 7. Nb5 Nc6 8. Nc7+ Kd8 9. Nf3 Rc8 10. Ne5 Nxe5 11. Bxe5 Rxc7 12. Bxc7+ Qxc7 13. f3 e6 14. Kf2 Bd6 15. g3 Ke7 16. Bg2 b6 17. Rhc1 Qb7 18. h4 h5 19. Rc3 Rc8 20. Rac1 Rxc3 21. Rxc3 Qb8 22. f4 Bxf4 23. gxf4 Qxf4+ 24. Kg1 Ng4 25. Qa3+ Kf6 26. Rf3 Qxd4+ 27. e3 Qd1+ 28. Rf1 Qd2 29. Qd6 Qxe3+ 30. Kh1 Qd2 31. Qa3 Ne3 32. Rg1 Nxg2 33. Qg3 Be4 34. Rf1+ Nf4+ 35. Kg1 Qg2+ 36. Qxg2 Bxg2 37. Rxf4+ Ke5 38. Rxf7 Be4 39. Rxg7 Kf4 40. Kf2 d4 41. b4 d3 42. a4 Bf5 43. Rxa7 e5 44. Rc7 e4 45. Rc4 Bg4 46. Rd4 d2 47. a5 bxa5 48. bxa5 d1Q 49. Rxd1 Bxd1 50. a6 Bf3 0-1

[Event "Gyongyos Matra Cup"]
[Site "Gyongyos"]
[Date "2002.03.31"]
[Round "7"]
[White "Schmidt, Gabor"]
[Black "Kovacs, Arthur"]
[Result "0-1"]
[WhiteElo "2015"]
[BlackElo "2089"]
[PlyCount "104"]
[EventDate "2002.03.28"]
[EventType "swiss"]
[EventRounds "7"]
[EventCountry "HUN"]
[SourceTitle "EXT 2004"]
[Source "ChessBase"]
[SourceDate "2003.11.25"]
[SourceVersion "1"]
[SourceVersionDate "2003.11.25"]
[SourceQuality "1"]

1. d4 d5 2. c4 e6 3. Nc3 Nf6 4. Bg5 Be7 5. e3 h6 6. Bh4 0-0 7. Bd3 b6 8. cxd5 Nxd5 9. Bxe7 Qxe7 10. Nxd5 exd5 11. Qb3 c5 12. dxc5 bxc5 13. Qxd5 Bb7 14. Qf5 g6 15. Qh3 c4 16. Bxg6 fxg6 17. a3 Qf6 18. Nf3 Bxf3 19. gxf3 Qxf3 20. Qe6+ Qf7 21. Qxf7+ Rxf7 22. Rc1 Rc7 23. Rg1 Kf7 24. Rg4 Na6 25. Ke2 Rac8 26. h4 Rc5 27. Rcg1 R8c6 28. Rf4+ Rf6 29. Rd4 Nb8 30. Rc1 Rfc6 31. Rf4+ Kg7 32. Re4 Rc7 33. Rg1 Nc6 34. Re6 Ne7 35. Rc1 Kf7 36. Re4 c3 37. Rf4+ Rf5 38. Rxf5+ Nxf5 39. h5 c2 40. hxg6+ Kxg6 41. Kd2 Kf6 42. b4 Nd6 43. Kd3 Ke5 44. f3 Kf5 45. e4+ Kf4 46. e5 Kxe5 47. a4 Kf4 48. b5 Nc4 49. Ke2 Na5 50. Kd3 Kxf3 51. Rf1+ Kg2 52. Rc1 Nb3 0-1

[Event "Gyongyos Matra Cup"]
[Site "Gyongyos"]
[Date "2002.03.30"]
[Round "5"]
[White "Schmidt, Gabor"]
[Black "Lengyel, Laszlo"]
[Result "0-1"]
[WhiteElo "2015"]
[BlackElo "2168"]
[PlyCount "37"]
[EventDate "2002.03.28"]
[EventType "swiss"]
[EventRounds "7"]
[EventCountry "HUN"]
[SourceTitle "EXT 2004"]
[Source "ChessBase"]
[SourceDate "2003.11.25"]
[SourceVersion "1"]
[SourceVersionDate "2003.11.25"]
[SourceQuality "1"]

1. d4 c5 2. d5 e6 3. c4 exd5 4. cxd5 d6 5. Nc3 a6 6. a4 g6 7. Bf4 Bg7 8. Nf3 Nd7 9. e4 Qe7 10. Bd3 h6 11. 0-0 g5 12. Bg3 h5 13. e5 Bxe5 14. Bxe5 Nxe5 15. Nxe5 dxe5 16. d6 Qxd6 17. Bb5+ Ke7 18. Qxd6+ Kxd6 19. Rfd1+ 0-1

[Event "Gyongyos Matra Cup"]
[Site "Gyongyos"]
[Date "2001.04.13"]
[Round "4.12"]
[White "Schmidt, Gabor"]
[Black "Karolyfalvi, Zoltan"]
[Result "0-1"]
[WhiteElo "2013"]
[BlackElo "2231"]
[PlyCount "96"]
[EventDate "2001.04.13"]
[EventType "swiss"]
[EventRounds "7"]
[EventCountry "HUN"]
[SourceTitle "EXT 2004"]
[Source "ChessBase"]
[SourceDate "2003.11.25"]
[SourceVersion "1"]
[SourceVersionDate "2003.11.25"]
[SourceQuality "1"]

1. d4 Nf6 2. c4 e6 3. Nc3 Bb4 4. a3 Bxc3+ 5. bxc3 c5 6. f3 Qa5 7. Bd2 Nc6 8. e3 0-0 9. Ne2 e5 10. Ng3 Qc7 11. d5 Na5 12. Bd3 b6 13. Rb1 Ba6 14. Qe2 g6 15. 0-0 Ne8 16. e4 Nd6 17. a4 Bxc4 18. Bxc4 Ndxc4 19. Bh6 Rfe8 20. f4 exf4 21. Rxf4 d6 22. Nh5 Re7 23. Nf6+ Kh8 24. Rh4 Re5 25. Bf4 h5 26. Bh6 Qe7 27. Rf1 Rxd5 28. Bg5 Rxg5 29. Qf2 Kg7 30. Rf4 Rf8 31. h4 Re5 32. Nd5 Rxd5 33. exd5 Qe3 34. Kh1 Qxf2 35. R1xf2 Ne5 36. Rf1 Nac4 37. Ra1 Re8 38. Kg1 Ne3 39. c4 N3xc4 40. Re1 Rb8 41. Ree4 Nb2 42. Rf2 Nbd3 43. Ra2 a6 44. Ree2 c4 45. Re4 Rc8 46. Rc2 Rc5 47. Rd4 Ra5 48. Ra2 b5 0-1

[Event "Gyongyos Matra Cup"]
[Site "Gyongyos"]
[Date "2000.??.??"]
[Round "?"]
[White "Schmidt, Gabor"]
[Black "Balogh, Lajos"]
[Result "0-1"]
[WhiteElo "2040"]
[BlackElo "2105"]
[PlyCount "62"]
[EventDate "2000.07.??"]
[EventType "swiss"]
[EventRounds "9"]
[EventCountry "HUN"]
[SourceTitle "EXT 2004"]
[Source "ChessBase"]
[SourceDate "2003.11.25"]
[SourceVersion "1"]
[SourceVersionDate "2003.11.25"]
[SourceQuality "1"]

1. d4 f5 2. c4 Nf6 3. Nc3 g6 4. g3 Bg7 5. Bg2 0-0 6. Nh3 Qe8 7. 0-0 d6 8. Qb3 c6 9. Nf4 e5 10. dxe5 dxe5 11. c5+ Kh8 12. Nh3 Nbd7 13. Qc4 e4 14. Bf4 Ne5 15. Qb4 a5 16. Qa4 Nh5 17. Be3 Be6 18. Bd4 Qe7 19. Nf4 Nxf4 20. gxf4 Nc4 21. Bxg7+ Qxg7 22. Qc2 e3 23. Rfd1 Qf6 24. Rd3 exf2+ 25. Kh1 Rfe8 26. Nd1 Rad8 27. Nxf2 Nxb2 28. Rc3 Na4 29. Qxa4 Qxc3 30. Rb1 Rd4 31. Nd1 Qe1+ 0-1